000 00726nam a2200229 i 4500
001 C2-0273634
003 PPAK
005 20180728002934.0
008 060903s2006 xx a|||| ||||| | may d
040 _aPPAK
_beng
_cPPAK
_erda
082 0 4 _a338.9595
_223
090 0 0 _a338.9595
_bDAS
_dKK
245 0 0 _aDasar Automotif Negara - Siapa Yang Untung?
264 1 _a[place of publication not identified] :
_b[publisher not identified] ,
_c2006
300 _a7 pages :
_billustrations ;
_c30 cm
336 _2rdacontent
_atext
337 _2rdamedia
_aunmediated
338 _2rdacarrier
_avolume
500 _aPetikan Dari Majalah Dewan Ekonomi Jun 2006
650 1 0 _aEconomic development projects- Malaysia
942 _ddc
_cB
999 _c81532
_d81532